000 00427nam a2200181Ia 4500
001 11699
005 20260306162847.0
008 260306t1985||||xx |||||||||||||| ||spa||
041 _aESP
082 _a997.11
_bB44
100 _aBendala Ayuso, Francisco
_eAUT
245 0 _aLa campaña de las malvinas
260 _c1985
300 _a159 páginas :
_ccm.
650 _aGEN
654 _aCHU
942 _cLIB
_dJUS
_fJUS
_2ddc
_n
999 _c11699
_d11699